Biblioteca

The problem of Christianity in muslim perspective : (Registro nro. 70594)

Detalles MARC
000 -LÍDER
Campo fijo de descripción fija 01307nab a2200241 i 4500
001 - NÚMERO DE CONTROL
Campo de control 768714001
003 - IDENTIFICADOR DEL NÚMERO DE CONTROL
Campo de control CO-MdFUSB
005 - FECHA Y HORA DE LA ULTIMA TRANSACCIÓN
control field 20240729125223.0
008 - ELEMENTOS DE LONGITUD FIJA -- INFORMACIÓN GENERAL
Campo fijo de descripción fija -- Información general 240729t1981 -us||||| |||| 00| 0 eng d
040 ## - FUENTE DE CATALOGACIÓN
Idioma de catalogación spa
Agencia que realiza la transcripción CO-MdFUSB
Agencia que realiza la modificación CO-MdFUSB
041 ## - CÓDIGO DE IDIOMA
Código de idioma para texto/pista de sonido o título separado eng
100 ## - ASIENTO PRINCIPAL--NOMBRE PERSONAL
Nombre personal Kerr, David A.,
Término relacionador autor
245 1# - TÍTULO
Título The problem of Christianity in muslim perspective :
Subtitulo implications for christian mission
Mención de responsabilidad / David A. Kerr
520 ## - NOTA DE RESUMEN, ETC.
Nota de sumario, etc. La literatura misionera cristiana sobre la evangelización musulmana proporciona una amplia visión de la dificultad de tratar la cuestión de los musulmanes, sus enseñanzas y prácticas religiosas, sociedades y culturas, lo que la convierte en un problema importante. Este problema ha sido analizado en varias categorías, incluidas las sociológicas, antropológicas, ideológicas y, en menor medida, teológicas.
546 ## - NOTA DE IDIOMA
Nota de idioma Texto en inglés.
650 #7 - ASIENTO SECUNDARIO DE MATERIA - TERMINO TEMÁTICO
Término temático o nombre geográfico como elemento de entrada Antropología cultural y social
9 (RLIN) 6714
650 #0 - ASIENTO SECUNDARIO DE MATERIA - TERMINO TEMÁTICO
Término temático o nombre geográfico como elemento de entrada Cristianismo y otras religiones
Subdivisión general Islamismo.
9 (RLIN) 5345
650 #0 - ASIENTO SECUNDARIO DE MATERIA - TERMINO TEMÁTICO
Término temático o nombre geográfico como elemento de entrada Misiones
9 (RLIN) 154
653 ## - TÉRMINO DE INDIZACIÓN - NO CONTROLADO
Término no controlado Musulmanes
773 0# - ASIENTO DE ITEM FUENTE
Biblionumber 49483
Itemnumber 82852
Otro identificador del ítem R2698
Título International Bulletinof Missionary Research
Número de control del registro (CO-MdFUSB)768714001
Número Internacional Normalizado para Publicaciones Seriadas (ISSN) 0272-6122
Parte(s) relacionada(s) / Volumen., número. (mes año), páginas Volumen 5, (número 4, 1981), páginas: 152 - 162
Enumeración y primera página página: 152
942 ## - TIPO DE MATERIAL (KOHA)
Tipo de Item KOHA Artículos de Revista
945 ## - INFORMACIÓN LOCAL DEL REGISTRO
Catalogador Catherine Arias Álvarez - Practicante SENA

No hay ítems disponibles.

Biblioteca FUSBC | Teléfono: (57+4) 349 88 10 Ext. 141| WhatsApp (+57) 3005338115 
E-mail: biblioteca@unisbc.edu.co | Calle 76 87-14 Robledo Palenque, Medellín, Colombia

Con tecnología Koha